| 000 | 00000nam 2200000zi 4500 |
| 001 | 9.943187 |
| 003 | CaOODSP |
| 005 | 20250526094141 |
| 006 | m o d f |
| 007 | cr |n||||||||| |
| 008 | 240913s1976 nscdb ob f000 0 eng d |
| 040 | |aCaOODSP|beng|erda|cCaOODSP |
| 041 | |aeng|beng|bfre |
| 043 | |an-cn-ns |
| 086 | 1 |aFs103-4/76-3E-PDF |
| 100 | 1 |aJessop, B. M., |eauthor. |
| 245 | 10|aCreel survey and biological study of the striped bass fishery of the Annapolis River, 1975 / |cB.M. Jessop and W.G. Doubleday. |
| 264 | 1|aHalifax, Nova Scotia : |bFreshwater and Anadromous division, Resource Branch, Fisheries and Marine Service, Department of the Environment, |c1976. |
| 300 | |a1 online resource (viii, 47 pages) : |bmaps, charts. |
| 336 | |atext|btxt|2rdacontent |
| 337 | |acomputer|bc|2rdamedia |
| 338 | |aonline resource|bcr|2rdacarrier |
| 490 | 0 |aTechnical report series (Canada. Fisheries and Marine Service. Maritime Region) ; |vMAR/T-76-3 |
| 500 | |aDigitized edition from print [produced by Environment and Climate Change Canada]. |
| 500 | |a"October 1976." |
| 504 | |aIncludes bibliographical references (pages 45-47). |
| 546 | |aIncludes abstract in French. |
| 650 | 0|aStriped bass fisheries|zNova Scotia|zAnnapolis River. |
| 650 | 0|aFishing surveys|zNova Scotia|zAnnapolis River. |
| 650 | 6|aBar rayé|xPêche commerciale|zAnnapolis, Fleuve (N.-É.) |
| 650 | 6|aPêche sportive|xEnquêtes|zAnnapolis, Fleuve (N.-É.) |
| 710 | 1 |aCanada. |bFisheries and Marine Service. |bMaritimes Region. |bFreshwater and Anadromous Division, |eissuing body. |
| 856 | 40|qPDF|s3226 KB|uhttps://publications.gc.ca/collections/collection_2024/eccc/Fs103-4-76-3-eng.pdf |